000 00472nam a2200181Ia 4500
005 20250326143703.0
008 250326s9999 xx 000 0 und d
037 _aTextbook
040 _aFMSL
_beng
_cFMSL
041 _aeng
_2eng
084 _aX:97 P6
_qFMSL
100 _aRatnam C S
_9748384
245 0 _aIndusrial relations
_cRatnam C S
260 _aIndia
_bIndia, Oxford
_c2006
300 _a745p
942 _cTB
_hX:97 P6
999 _c1300591
_d1300591